Normal view
MARC view
Entry Topical Term
001 - CONTROL NUMBER
- control field: 60172
003 - CONTROL NUMBER IDENTIFIER
- control field: OSt
005 - DATE AND TIME OF LATEST TRANSACTION
- control field: 20260422144213.0
008 - FIXED-LENGTH DATA ELEMENTS
- fixed length control field: 260422|| aca||aabn | a|a d
040 ## - CATALOGING SOURCE
- Original cataloging agency: OSt
- Transcribing agency: OSt
150 ## - HEADING--TOPICAL TERM
- Topical term or geographic name entry element: Classification of ‘work’, Categorisation of unpaid work, Theoretical evolutions, Gender issues and unpaid work
670 ## - SOURCE DATA FOUND
- Source citation: Work cat.: (OSt): Singh, Anushka and Meher, Surendra 60171, Theoretical and conceptual evolution of unpaid work: review and comments
